| 000 | 00732nam a22002297a 4500 | ||
|---|---|---|---|
| 999 |
_c6636 _d6636 |
||
| 003 | AR-CdUCM | ||
| 008 | 190318b ||||| |||| 00| 0 spa d | ||
| 020 | _a84-7017-811-3 | ||
| 040 |
_aMUNICIPALIDAD PROVINCIAL DEL CUSCO _cBIBLIOTECA MUNICIPAL DEL CUSCO |
||
| 082 |
_a030 / _bAR71 / 1987 |
||
| 100 |
_aIcart, Antoine _918659 |
||
| 245 | _aYo sé todo sobre el mundo y la naturaleza / | ||
| 260 |
_aBarcelona : _bArgos Vergara, _c1987. |
||
| 300 |
_a120 páginas ; _bilustraciones a color ; _c28 cm. |
||
| 440 |
_aNueva enciclopedia juvenil. _918663 |
||
| 650 |
_aCiencia _92098 |
||
| 650 |
_aNaturaleza _94241 |
||
| 650 |
_aMundo _9597 |
||
| 700 |
_aBusquets, Esteban (traductor) _918651 |
||
| 942 |
_2ddc _cLIBROS |
||
| 945 | _azta | ||